Quiz sull'Austria - Statistics

Statistiche generali
  • Questo quiz è stato fatto 2.241 volte
  • Il punteggio medio è 12 su 22
Statistiche sulle risposte
Domanda Risposta % Corretto
Città più grandi Vienna
99%
Lingua ufficiale Tedesco
97%
Compose "Il flauto magico" Wolfgang Amadeus Mozart
85%
Fiume più lungo Danubio
76%
Città natale del compositore della domanda precedente Salisburgo
75%
Famoso psicoanalista Sigmund Freud
72%
Tipico dolce ripieno di mele Strudel
71%
"Austria" nella lingua della domanda precedente Österreich
63%
Sport nazionale Sci alpino
58%
Dinastia che ha regnato più a lungo Asburgo
57%
Città che ha ospitato le olimpiadi Innsbruck
53%
Campione di F1 protagonista del film "Rush" Niki Lauda
49%
Città più grandi Graz
48%
Danza in ritmo ternario Valzer
45%
Titolo nobiliare di Francesco Ferdinando Arciduca
42%
Città più grandi Linz
40%
Famoso culturista Arnold Schwarzenegger
37%
Cotoletta di vitello fritta servita con insalata Wiener Schnitzel
36%
Imperatore d'Austria dal 1848 al 1916 Francesco Giuseppe
35%
Fiore simbolo del Paese Edelweiss
34%
Vecchia valuta Scellino
17%
Montagna più alta Grossglockner
11%
Nessun quiz corrispondente trovato
Distribuzione punteggi
Percentuale di utenti per punteggio
Percentile per numero di risposta
I tuoi punteggi nel tempo
Non hai fatto questo quiz